[Event "Swedish Elitserien 2021-22"]
[Site "Sodertalje"]
[Date "2022.05.15"]
[Round "9.26"]
[White "Tari, Aryan"]
[Black "Westerberg, Jonathan"]
[Result "1-0"]
[WhiteElo "2654"]
[BlackElo "2485"]
[Annotator "TA"]
[PlyCount "80"]
[EventDate "2022.05.13"]
[EventType "team-tourn"]
[EventCountry "SWE"]
[SourceTitle "playchess.com"]
[Source "ChessBase"]
[SourceQuality "1"]

{[%evp 9,80,9,35,14,19,25,33,24,26,29,33,17,20,22,18,12,75,29,122,117,154,81,114,115,239,216,365,356,372,325,320,242,248,232,291,297,232,204,170,183,243,124,130,131,128,118,266,220,379,348,364,339,412,408,559,285,349,346,393,393,462,470,473,474,466,437,477,386,470,487,2805,1878,5257]} 1. e4 {[%emt 0:01:26]} c5 {[%emt 0:03:25]} 2. Nf3 {[%emt 0:00:49]} e6 {[%emt 0:01:07]} 3. c3 {[%emt 0:01:21]} d5 {[%emt 0:03:23]} 4. exd5 {[%emt 0:00:15]} exd5 {[%emt 0:04:11]} 5. Bb5+ {[%emt 0:00:55]} Bd7 {[%emt 0:02:27]} 6. Bxd7+ {[%emt 0:04:29] B40: Sicilian: 2...e6, Unusual lines.} Qxd7 {[%emt 0:04:05]} 7. O-O {[%emt 0:09:23]} Bd6 {[%emt 0:02:24]} 8. d4 {[%emt 0:04:01] White is slightly better.} Nc6 {[%emt 0:02:06]} 9. dxc5 {[%emt 0:15:51]} Bxc5 {[%emt 0:00:30] [#]} 10. b4 $146 {[%emt 0:00:33]} ({Predecessor:} 10. Re1+ Nge7 11. Be3 Bxe3 12. Rxe3 O-O {½-½ (12) Plenca,J (2463)-Tadic,B (2505) Nova Gorica 2020}) 10... Bd6 {[%emt 0:01:36]} 11. b5 {[%emt 0:02:11]} Nce7 {[%emt 0:00:45]} 12. c4 {[%emt 0:03:22]} dxc4 {[%emt 0:00:20]} (12... Rc8 $11) 13. Bb2 {[%emt 0:01:40]} (13. Nbd2 $16) 13... f6 {[%emt 0:00:55]} (13... Qxb5 $2 14. Bxg7 O-O-O 15. Nc3 $18) (13... Nf6 $11) 14. Nbd2 $16 {[%emt 0:08:40]} Rc8 {[%emt 0:11:28]} 15. Rc1 {[%emt 0:04:45]} (15. Ne4 $142 Bb8 16. Qxd7+ Kxd7 17. Rfe1) 15... Nh6 {[%emt 0:18:22]} 16. Nxc4 {[%emt 0:08:04]} Bc5 {[%emt 0:06:00]} (16... Bf4 $16) 17. Qb3 {[%emt 0:01:59] [#] aiming for Rfd1.} Nf7 {[%emt 0:00:05]} (17... Qd5 $142 18. Rfd1 Qf7) 18. Rfd1 $18 {[%emt 0:03:00]} Qg4 {[%emt 0:00:04]} 19. h3 {[%emt 0:04:58]} (19. Ne3 Qb4 20. Rxc5 Qxc5 $18) 19... Qf4 {[%emt 0:00:01]} 20. Na5 {[%emt 0:01:51]} b6 {[%emt 0:01:05] [#]} 21. Nb7 $40 {[%emt 0:03:05][%mdl 128] White has strong attack.} O-O {[%emt 0:00:26]} 22. Nxc5 {[%emt 0:00:30]} (22. Rd7 $6 Ng6 $18) 22... bxc5 {[%emt 0:01:30]} 23. Qe6 {[%emt 0:00:49]} Ng6 {[%emt 0:03:55]} 24. Rd7 {[%emt 0:01:26][%cal Od7f7]} Qb8 {[%emt 0:00:04]} (24... Rce8 $142 25. Qb3 Nge5 26. Nxe5 (26. Rxa7 c4 $16) 26... Rxe5) 25. Qc4 {[%emt 0:02:21]} (25. a4 $18) 25... a6 $16 {[%emt 0:01:00]} 26. a4 {[%emt 0:00:32] White is much more active.} axb5 {[%emt 0:03:14]} 27. axb5 Rce8 {[%emt 0:06:35]} (27... Qf4 $16 {keeps fighting.}) 28. Rcd1 {[%emt 0:02:11] Threatens to win with Ba3.} Nf4 $2 {[%emt 0:01:24]} (28... Rc8 29. Bc1 Rc7) 29. Qxc5 {[%emt 0:00:38]} Ne6 {[%emt 0:03:49]} 30. Qc6 {[%emt 0:01:12] And now Ba3 would win.} Nfd8 {[%emt 0:00:35]} 31. Qd5 {[%emt 0:01:03] Strongly threatening Ba3.} Rf7 {[%emt 0:00:02]} 32. g3 {[%emt 0:02:52] Black must now prevent Re1.} Rxd7 {[%emt 0:01:37]} 33. Qxd7 {[%emt 0:00:02]} Nf7 {[%emt 0:00:05] ...Rd8 is the strong threat.} 34. Re1 {[%emt 0:03:55]} Nc7 {[%emt 0:01:41]} 35. b6 {[%emt 0:01:15]} ({Not} 35. Rxe8+ Nxe8 36. Ba3 h5 $18) 35... Rxe1+ {[%emt 0:00:56]} 36. Nxe1 Ne8 {[%emt 0:00:07]} 37. Ba3 {[%emt 0:01:21]} Ned6 {[%emt 0:00:18]} 38. Bc5 {[%emt 0:00:57]} Qb7 {[%emt 0:00:07]} 39. Qe6 {[%emt 0:00:17]} Qc6 {[%emt 0:00:14]} (39... h6 $142 40. Bxd6 Qxb6 41. Qe8+ Kh7 42. Qe4+ Kh8) 40. Bxd6 $18 {[%emt 0:00:34][%cal Ob6b7] White threatens b7! and mate.} ({Worse is} 40. b7 Qxb7 41. Bxd6 Qc6 $14) 40... Qxd6 {[%emt 0:00:19] Weighted Error Value: White=0.26 (precise) /Black=0.47} 1-0

[Event "Swedish Elitserien 2021-22"]
[Site "Sodertalje"]
[Date "2022.05.15"]
[Round "9.27"]
[White "Lokander, Martin"]
[Black "Tikkanen, Hans"]
[Result "1/2-1/2"]
[WhiteElo "2469"]
[BlackElo "2492"]
[Annotator "TA"]
[PlyCount "41"]
[EventDate "2022.05.13"]
[EventType "team-tourn"]
[EventCountry "SWE"]
[SourceTitle "playchess.com"]
[Source "ChessBase"]
[SourceQuality "1"]

{[%evp 16,19,24,31,31,22]} 1. d4 {[%emt 0:02:59]} d5 {[%emt 0:00:02]} 2. c4 {[%emt 0:00:12]} c6 {[%emt 0:00:04]} 3. cxd5 {[%emt 0:00:03]} cxd5 {[%emt 0:00:06]} 4. Nf3 {[%emt 0:00:02]} Nf6 {[%emt 0:01:52]} 5. Nc3 {[%emt 0:00:04]} e6 {[%emt 0:02:41]} 6. Bf4 {[%emt 0:01:04]} Bd6 {[%emt 0:00:06]} 7. Bxd6 {[%emt 0:00:14]} Qxd6 {[%emt 0:00:02]} 8. e3 {[%emt 0:00:43]} Nc6 {[%emt 0:02:04]} 9. Bd3 {[%emt 0:00:13]} Bd7 {[%emt 0:00:16] D13: Slav Defence: Exchange variation without ...Bf5.} 10. O-O {[%emt 0:00:14] [#] An uneventful encounter.} {Predecessor:} O-O $146 11. Qe2 Rac8 12. Rac1 Rfd8 13. h3 h6 14. Rfd1 Be8 15. a3 Qb8 16. Rc2 Qd6 17. Rdc1 Qb8 18. Qe1 Qd6 19. Na4 Rc7 20. Nc5 Rdc8 21. Rc3 {½-½ (45) Tregubov,P (2589)-Kamsky,G (2676) Bastia 2017} 1/2-1/2

[Event "Swedish Elitserien 2021-22"]
[Site "Sodertalje"]
[Date "2022.05.15"]
[Round "9.28"]
[White "Smith, Axel"]
[Black "Olund, Joar"]
[Result "0-1"]
[WhiteElo "2421"]
[BlackElo "2379"]
[Annotator "TA"]
[PlyCount "93"]
[EventDate "2022.05.13"]
[EventType "team-tourn"]
[EventCountry "SWE"]
[SourceTitle "playchess.com"]
[Source "ChessBase"]
[SourceQuality "1"]

{[%evp 9,93,-8,18,10,2,13,56,38,61,30,45,31,27,0,0,0,0,0,0,0,0,0,0,-42,0,4,7,-6,-8,-5,0,0,0,-59,-31,-29,0,0,0,0,0,-72,-82,-72,-61,-183,-90,-105,-50,-171,-159,-239,-255,-256,-249,-246,-246,-227,-261,-247,-194,-252,-72,-276,-255,-291,-268,-267,-106,-107,-107,-107,-115,-522,-508,-1177,-1079,-5093,-5070,-5073,-5057,-5070,-4133,-29993,-29992,-29992]} 1. e4 {[%emt 13:44:55]} c6 {[%emt 0:09:13]} 2. d4 {[%emt 0:00:09]} d5 {[%emt 0:00:33]} 3. e5 {[%emt 0:00:02]} Bf5 {[%emt 0:00:15]} 4. h4 {[%emt 0:00:03]} h6 {[%emt 0:00:08]} 5. g4 {[%emt 0:00:12]} Bd7 {[%emt 0:00:07][%cal Oc6c5]} (5... Be4 $5 {[%cal Re4h1]} 6. Nf3 (6. f3 Bh7 $14) 6... e6 $11) 6. Nc3 {[%emt 0:00:13] B12: Caro-Kann: Advance Variation.} e6 {[%emt 0:00:30]} 7. Be3 {[%emt 0:00:05]} Qc7 {[%emt 0:10:44]} 8. Qd2 {[%emt 0:12:48] White is slightly better.} a6 {[%emt 0:05:43] [#]} 9. Nge2 $146 {[%emt 0:12:51]} ({Predecessor:} 9. h5 c5 10. Nf3 cxd4 11. Nxd4 Nc6 12. f4 Nxd4 13. Bxd4 Bc5 14. Bxc5 Qxc5 15. O-O-O {0-1 (54) Valles Moreno,I (2438)-Vazquez Igarza,R (2566) Madrid 2016}) 9... c5 {[%emt 0:03:04]} 10. dxc5 {[%emt 0:00:26]} Bxc5 {[%emt 0:00:33]} 11. O-O-O {[%emt 0:10:40]} Bxe3 {[%emt 0:11:37]} 12. Qxe3 {[%emt 0:00:06]} Nc6 {[%emt 0:00:28]} 13. f4 {[%emt 0:00:57]} Nge7 {[%emt 0:02:05]} 14. h5 {[%emt 0:02:48]} O-O-O {[%emt 0:03:52]} 15. Kb1 {[%emt 0:07:10]} Kb8 {[%emt 0:01:16]} 16. a3 {[%emt 0:04:36]} f6 {[%emt 0:06:07]} (16... g5 $15) 17. exf6 $11 {[%emt 0:01:36]} gxf6 {[%emt 0:01:32]} 18. Rg1 {[%emt 0:04:11]} Bc8 {[%emt 0:03:14]} 19. Bg2 {[%emt 0:07:34]} Na5 {[%emt 0:01:57]} 20. b3 {[%emt 0:04:49] Prevents Nc4.} Nac6 {[%emt 0:03:31]} 21. Qc5 {[%emt 0:04:24]} (21. Bf3 $11) 21... d4 $1 $15 {[%emt 0:05:22]} 22. Na4 {[%emt 0:06:03]} Nd5 {[%emt 0:13:21] Against Nb6} 23. Nxd4 {[%emt 0:06:37]} Nxd4 {[%emt 0:00:28]} 24. Qxd4 {[%emt 0:00:33][%cal Rg2d5]} ({Avoid the trap} 24. Rxd4 $2 Qxc5 25. Nxc5 Nc3+ 26. Kb2 Rxd4 $19) 24... Nxf4 {[%emt 0:00:30]} 25. Qf2 {[%emt 0:06:46]} (25. Qxf6 $11 Rhf8 26. Qxh6) 25... e5 $17 {[%emt 0:04:52]} 26. Rxd8 {[%emt 0:04:42]} Rxd8 {[%emt 0:00:24]} 27. Nc5 {[%emt 0:00:47]} (27. Qe3 $1 $15) 27... Rd4 {[%emt 0:05:14]} (27... Qa5 $19 {Hoping for ...Rd2.} 28. Ne4 Qxa3) 28. b4 {[%emt 0:01:14]} Qd8 {[%emt 0:03:03]} (28... b6 $17 29. Nb3 Rc4) 29. Qf3 {[%emt 0:01:02]} (29. Nb3 $15 Rc4 30. Qe3) 29... Nxg2 $19 {[%emt 0:00:57]} 30. Rxg2 {[%emt 0:00:43] [#]} (30. Qxg2 $17 {keeps fighting.} a5 31. bxa5) 30... b6 $1 {[%emt 0:01:06]} 31. Nb3 {[%emt 0:00:57]} Bb7 {[%emt 0:00:30]} 32. Qf2 {[%emt 0:00:41]} Rd1+ {[%emt 0:00:25]} 33. Kb2 {[%emt 0:00:08]} Bxg2 {[%emt 0:00:13]} 34. Qxg2 {[%emt 0:00:04][%mdl 4096] Endgame KQR-KQN} Qd6 {[%emt 0:02:09]} 35. Qe2 {[%emt 0:00:29]} (35. Qe4 $142) 35... Ka7 $2 {[%emt 0:01:18]} (35... e4 $19 {is more deadly. Threatens to win with ...Qe5+.} 36. Ka2 Qd5) 36. Qe3 $2 {[%emt 0:00:08]} (36. a4 $17) 36... e4 {[%emt 0:01:04]} 37. Qxh6 {[%emt 0:00:45]} Qe5+ {[%emt 0:00:08]} 38. Ka2 {[%emt 0:00:07]} Rd7 $2 {[%emt 0:01:13]} (38... Qe6 $19 {and Black stays clearly on top.} 39. Qe3 Qxg4) 39. Qe3 $17 {[%emt 0:00:21] [#]} f5 $1 $36 {[%emt 0:00:28][%mdl 2048] White is under strong pressure. Black is more active.} 40. gxf5 {[%emt 0:00:39]} Qxf5 {[%emt 0:00:27] aiming for ...Qf3.} 41. h6 $2 {[%emt 0:01:59][%mdl 8192]} (41. Nd4 $17 Qd5+ 42. Nb3) 41... Qf3 $19 {[%emt 0:00:36]} 42. Qe1 {[%emt 0:05:41]} (42. Qg5 $142 e3 43. Qg6) 42... e3 {[%emt 0:11:28] ( -> ...Qf2)} 43. Qh4 {[%emt 0:07:23]} Qf2 {[%emt 0:01:39]} 44. Qe4 {[%emt 0:02:46]} e2 {[%emt 0:01:17]} 45. h7 {[%emt 0:08:25]} e1=Q {[%emt 0:00:25]} 46. Qg6 {[%emt 0:02:38]} Qc3 {[%emt 0:00:51]} 47. h8=Q {[%emt 0:03:48] Weighted Error Value: White=0.79/Black=0.21 (precise)} 0-1

[Event "Swedish Elitserien 2021-22"]
[Site "Sodertalje"]
[Date "2022.05.15"]
[Round "9.29"]
[White "Ertan, Can"]
[Black "Ahlander, Bjorn"]
[Result "0-1"]
[WhiteElo "2381"]
[BlackElo "2375"]
[Annotator "TA"]
[PlyCount "50"]
[EventDate "2022.05.13"]
[EventType "team-tourn"]
[EventCountry "SWE"]
[SourceTitle "playchess.com"]
[Source "ChessBase"]
[SourceQuality "1"]

{[%evp 12,50,14,7,19,25,25,22,32,31,38,35,33,13,39,42,37,31,50,25,64,0,0,-147,-128,-303,-273,-525,-519,-531,-439,-413,-418,-395,-385,-820,-809,-794,-759,-1793,-684]} 1. e4 {[%emt 0:09:24]} c5 {[%emt 0:00:04]} 2. Nf3 {[%emt 0:00:03]} d6 {[%emt 0:00:23]} 3. d4 {[%emt 0:01:33]} cxd4 {[%emt 0:00:08]} 4. Nxd4 {[%emt 0:00:03]} Nf6 {[%emt 0:00:10]} 5. Nc3 {[%emt 0:00:04]} a6 {[%emt 0:00:11]} 6. h3 {[%emt 0:00:04]} e5 {[%emt 0:00:36]} 7. Nde2 {[%emt 0:10:21]} h5 {[%emt 0:00:15] B90: Sicilian Najdorf: Unusual White 6th moves, 6 Be3 Ng4 and 6 Be3 e5.} 8. g3 {[%emt 0:00:11]} Be6 {[%emt 0:07:53]} 9. Bg2 {[%emt 0:02:36]} Be7 {[%emt 0:01:38] The position is equal.} 10. a4 {[%emt 0:06:00]} Nbd7 {[%emt 0:05:14]} 11. O-O {[%emt 0:02:38] 11.b3 is the modern continuation.} Rc8 {[%emt 0:02:53]} 12. a5 {[%emt 0:03:46]} b5 {[%emt 0:06:31]} 13. axb6 $1 {[%emt 0:00:11]} Qxb6 {[%emt 0:00:08]} 14. b3 {[%emt 0:11:43]} O-O {[%emt 0:04:15]} 15. Be3 {[%emt 0:01:30]} Qb7 {[%emt 0:03:28] [#]} 16. f4 $146 {[%emt 0:07:49]} (16. Bg5 $14) ({Predecessor:} 16. Qd3 Nc5 17. Bxc5 Rxc5 18. Na4 Rb5 19. Nac3 Rc5 20. Na4 Rb5 {½-½ (20) Baterdene,T (2247)-Baylav,C (2120) Paracin 2019}) 16... Nc5 $1 $11 {[%emt 0:07:11][%cal Bd7c5,Bc5e4,Be4f2][%mdl 32]} 17. Kh1 {[%emt 0:13:09]} (17. Ra5 $11 {remains equal.}) 17... Ncxe4 $17 {[%emt 0:11:22] Black is more active.} 18. fxe5 $2 {[%emt 0:01:08] Now White is beyond hope.} (18. Nxe4 $17 Nxe4 19. Kh2) 18... Bxh3 $1 $19 {[%emt 0:01:47][%cal Oe4g3] ( -> ...Nxg3+!)} 19. Bf3 $2 {[%emt 0:16:56]} (19. Bxe4 Nxe4 20. Qd5 Qxd5 21. Nxd5) 19... Bxf1 {[%emt 0:07:38]} (19... Nxc3 20. Bxb7 (20. Nxc3 $2 Qd7 $19) 20... Nxd1 21. exf6 Bxf1 22. fxe7 $17) (19... Rxc3 20. Nxc3 Nxg3+ 21. Kg1 $17) 20. exf6 {[%emt 0:07:48] [#]} Nf2+ {[%emt 0:04:33][%mdl 512]} 21. Kg1 {[%emt 0:00:09]} Qxf3 {[%emt 0:05:40][%csl Gf1][%cal Rf3g2]} ({Stronger than} 21... Nxd1 22. Bxb7 Nxc3 23. fxe7 Bxe2 24. exf8=N $15) 22. Qxf1 {[%emt 0:01:02]} Bxf6 {[%emt 0:01:27]} ({And not} 22... Qxe3 23. Nd5 Nh3+ 24. Kh2 Qf2+ 25. Qxf2 Nxf2 26. Nxe7+ Kh7 27. fxg7 $11) 23. Bd2 {[%emt 0:03:38]} (23. Qxf2 Qxf2+ 24. Kxf2 Bxc3 25. Rxa6) 23... Bxc3 {[%emt 0:02:20] Black is clearly winning.} 24. Bxc3 {[%emt 0:00:27]} Rxc3 {[%emt 0:01:27]} 25. Nxc3 {[%emt 0:00:04]} Qxg3+ {[%emt 0:00:39] Weighted Error Value: White=0.94/Black=0.13 (very precise)} 0-1

[Event "Swedish Elitserien 2021-22"]
[Site "Sodertalje"]
[Date "2022.05.15"]
[Round "9.30"]
[White "Mauritsson, Sebastian"]
[Black "Thorn, Eric"]
[Result "1/2-1/2"]
[WhiteElo "2386"]
[BlackElo "2382"]
[Annotator "TA"]
[PlyCount "124"]
[EventDate "2022.05.13"]
[EventType "team-tourn"]
[EventCountry "SWE"]
[SourceTitle "playchess.com"]
[Source "ChessBase"]
[SourceQuality "1"]

{[%evp 14,124,-5,-4,0,-17,28,47,72,70,87,63,37,37,45,54,119,104,141,150,143,141,126,115,147,143,170,167,157,145,162,158,158,108,108,73,104,35,109,39,66,70,59,59,61,63,66,64,99,89,172,159,193,177,184,212,245,134,196,82,66,86,96,110,284,151,151,170,162,143,105,145,145,137,273,275,275,240,256,273,219,208,328,281,456,16,8,0,540,515,507,493,366,400,360,172,210,132,454,437,628,0,0,0,0,0,0,0,0,0,0,0,0]} 1. e4 {[%emt 0:01:16]} e5 {[%emt 0:04:09]} 2. Nf3 {[%emt 0:00:06]} Nc6 {[%emt 0:01:53]} 3. d4 {[%emt 0:00:05]} exd4 {[%emt 0:00:08]} 4. Nxd4 {[%emt 0:00:03]} Nf6 {[%emt 0:00:57]} 5. Nxc6 {[%emt 0:00:24]} bxc6 {[%emt 0:00:07]} 6. e5 {[%emt 0:00:08]} Qe7 {[%emt 0:00:15]} 7. Qe2 {[%emt 0:00:05]} Nd5 {[%emt 0:00:04]} 8. h4 {[%emt 0:00:05]} (8. c4 $5 {[%cal Rc4d5]} Nb6 9. b3 $11) 8... f6 {[%emt 0:04:40] C45: Scotch Game.} 9. c4 {[%emt 0:00:03]} Nb6 {[%emt 0:02:13]} 10. exf6 {[%emt 0:03:44]} Qxe2+ {[%emt 0:01:49] White is slightly better.} 11. Bxe2 {[%emt 0:00:05]} gxf6 {[%emt 0:00:31] [#]} 12. Bf4 $146 {[%emt 0:24:10]} ({Predecessor:} 12. O-O Ba6 13. Bh5+ Kd8 14. b3 Bd6 15. Nd2 Be5 16. Rb1 c5 17. Nf3 d6 18. Nxe5 fxe5 {1-0 (24) Morozevich,A (2676)-Anand,V (2779) Doha 2016}) 12... Ba6 {[%emt 0:02:49]} 13. Bh5+ {[%emt 0:02:05]} (13. Bxc7 Bxc4 14. Nc3 Bxe2 15. Kxe2 d5 $11) 13... Kd8 {[%emt 0:00:24]} 14. b3 {[%emt 0:01:11]} Bc5 {[%emt 0:10:29]} ({Black should try} 14... d5 $14) 15. Nd2 $16 {[%emt 0:04:05]} d5 {[%emt 0:03:06][%cal Rd5c4]} 16. O-O {[%emt 0:20:56]} Bc8 {[%emt 0:14:49]} 17. Rac1 {[%emt 0:06:21]} Ba3 {[%emt 0:04:27]} 18. Rc3 {[%emt 0:00:19]} Bb4 {[%emt 0:05:43]} 19. Rf3 {[%emt 0:02:33]} Be6 {[%emt 0:11:52]} 20. Bh6 {[%emt 0:02:37]} f5 {[%emt 0:07:49]} 21. Rd1 {[%emt 0:03:59]} Kc8 {[%emt 0:01:43]} 22. Re3 {[%emt 0:03:00]} Bd7 {[%emt 0:01:47]} 23. Bg7 {[%emt 0:05:39]} (23. cxd5 $142 cxd5 24. Nf3) 23... Rg8 {[%emt 0:00:47]} 24. Bf6 {[%emt 0:03:22]} f4 {[%emt 0:02:43]} 25. Rf3 {[%emt 0:02:30]} (25. Re2 $1 $16) 25... Bf5 {[%emt 0:00:40]} (25... Bd6 $1 $14) 26. Bc3 {[%emt 0:02:17]} (26. Rxf4 Bc2 27. Nf1 (27. Rg4 Rf8 $15) 27... Bxd1 28. Bxd1 Kb7 $17) (26. Bg5 $16) 26... Bd6 {[%emt 0:02:11]} 27. c5 $36 {[%emt 0:01:32][%mdl 2048] White is pushing.} Bxc5 {[%emt 0:00:05]} 28. Rxf4 {[%emt 0:00:11]} Bh3 {[%emt 0:03:01] Hoping for ...Bd6.} 29. Bf3 {[%emt 0:00:14]} Kb7 {[%emt 0:02:33]} 30. Kf1 $1 {[%emt 0:03:04]} Bd7 {[%emt 0:01:52]} 31. Rf7 {[%emt 0:00:28][%cal Bf4f7,Bf7h7,Bh7g7][%mdl 32]} Raf8 {[%emt 0:01:48]} (31... h6 $16) 32. Rxh7 $18 {[%emt 0:00:32]} Bf5 {[%emt 0:00:05]} 33. Rg7 {[%emt 0:01:10]} Rh8 {[%emt 0:06:30]} 34. g3 {[%emt 0:03:13]} Be4 {[%emt 0:00:16] [#]} 35. Ke2 {[%emt 0:01:40]} (35. Nxe4 dxe4 36. Rg5 (36. Bxe4 Rxf2+ 37. Ke1 Re8 $11) 36... Rxf3) (35. Bxe4 $6 Rxf2+ 36. Ke1 dxe4) (35. Be5 $1 $18 Bd3+ 36. Kg2) 35... Rh6 {[%emt 0:00:24]} (35... Bf5 $16) 36. b4 {[%emt 0:03:41]} (36. Nxe4 dxe4 37. Bxe4 Rxf2+ 38. Ke1 Re6 $11) (36. Bxe4 $18 Rxf2+ 37. Kd3 dxe4+ 38. Nxe4 Rf3+ 39. Kc2) 36... Bxf3+ $16 {[%emt 0:02:42]} 37. Nxf3 {[%emt 0:00:03]} Re6+ {[%emt 0:00:02]} 38. Kf1 {[%emt 0:02:07] Active counter play!} Na4 {[%emt 0:01:26]} (38... Rxf3 $16 39. bxc5 Rxc3 40. cxb6 axb6) 39. bxc5 {[%emt 0:00:28]} (39. Nd4 Ref6 40. Be1 Bb6 $16) (39. Re1 $18 Rxe1+ 40. Bxe1) 39... Nxc3 {[%emt 0:00:34]} 40. Rd3 Ne4 {[%emt 0:00:24]} 41. Rb3+ {[%emt 0:02:35]} Kc8 {[%emt 0:03:22]} 42. Ra3 {[%emt 0:04:59]} a6 {[%emt 0:08:31]} 43. Rxa6 {[%emt 0:06:13] Black must now prevent Ra8+.} Ref6 {[%emt 0:09:02]} (43... Rxf3 {gets mated.} 44. Ra8+ Kb7 45. Rgg8 Nxg3+ 46. Kg2) (43... Kb7 $16 {might work better.} 44. Nd4 (44. Rb6+ Kc8 $16) 44... Kxa6 45. Nxe6 Rxf2+ 46. Kg1 Rf6 47. Nxc7+ Ka5) 44. Ra8+ $18 {[%emt 0:02:19]} Kb7 {[%emt 0:00:19]} 45. Rxf8 {[%emt 0:00:02]} Rxf8 {[%emt 0:00:17][%mdl 4096] Endgame KRN-KRN} 46. Kg2 {[%emt 0:07:59]} Nxc5 {[%emt 0:01:41]} 47. h5 {[%emt 0:00:02]} Ne4 {[%emt 0:06:37]} (47... Rh8 $142 48. g4 Nd3) 48. g4 {[%emt 0:01:57]} c5 $2 {[%emt 0:00:59]} (48... Rh8 49. Ng5 Nxg5) 49. g5 $2 {[%emt 0:00:48]} (49. h6 $18) 49... c4 $11 {[%emt 0:00:36]} 50. h6 {[%emt 0:01:23]} Rxf3 $2 {[%emt 0:01:23][%mdl 8192]} 51. Kxf3 {[%emt 0:06:03] Intending h7 and mate. KR-KN} c3 {[%emt 0:00:01]} 52. h7 {[%emt 0:00:11]} c2 {[%emt 0:00:02][%cal Oe4g5]} 53. h8=Q {[%emt 0:00:14]} c1=Q $18 {[%emt 0:00:07] Against Qh1. KQR-KQN} 54. Rg8 {[%emt 0:02:24]} (54. Qd8 $142 Qc3+ 55. Kf4) 54... Nxg5+ {[%emt 0:03:36]} 55. Kg4 {[%emt 0:00:36]} Ne6 $2 {[%emt 0:00:23][%mdl 8192]} (55... Nf7 $2 56. Rb8+ Ka7 57. Ra8+ (57. Qb2 Qg5+ 58. Kh3 Qh5+ 59. Kg3 Qg6+ 60. Kh4 Qh6+ 61. Kg4 Qg6+ 62. Kh4 Qh6+ 63. Kg4 Qg6+ 64. Kh4 $11) 57... Kb6 58. Qb8+ Kc6 59. Qe8+ Kb6 60. Qxf7 $18) (55... Ne4 $16 {is tougher.}) 56. Rb8+ {[%emt 0:00:32]} Kc6 {[%emt 0:00:02]} (56... Ka7 $142 57. Rb4 Qg5+ 58. Kf3 Nd8 59. Qd4+ Ka8) 57. Qe8+ $2 {[%emt 0:00:38]} ({White has to play} 57. Kf5 $18 Qe1 58. Qe8+ Kd6 {[#]} 59. Rd8+ $1 {[%mdl 512]} Kc5 60. Qxe6 Qxf2+ 61. Kg6 Qxa2 62. Qe3+ Kc6 63. Qe8+ Kc5 64. Qe7+ Kd4 65. Qf6+ Kc5 66. Qf8+ Kc6 67. Qe8+ Kc5 68. Qe7+ Kd4 69. Qf6+ Kc5 70. Kf7) 57... Kd6 $11 {[%emt 0:00:02] ( -> ...Qg5+). The position is equal.} 58. Rd8+ {[%emt 0:00:24]} Nxd8 {[%emt 0:00:29]} 59. Qxd8+ {[%emt 0:00:02]} Ke6 {[%emt 0:00:16]} 60. Qe8+ {[%emt 0:00:30]} Kd6 {[%emt 0:01:07]} 61. Qd8+ {[%emt 0:00:03]} Ke6 {[%emt 0:00:05]} 62. Qe8+ {[%emt 0:00:03]} Kd6 {[%emt 0:00:10] White really could win this.  Weighted Error Value: White=0.44/Black=0.54} 1/2-1/2